| 000 | 00565cam a2200217 4500 | ||
|---|---|---|---|
| 001 | J62976 | ||
| 008 | 000000n2000 000 0 eng u | ||
| 035 | _a(Sirsi) u109702 | ||
| 050 | _a333.337 | ||
| 110 |
_aFPDSavills _93625 |
||
| 245 | _aGreater M25 industrial warehouse survey - Summer 2000 | ||
| 260 |
_aLondon _bFPD Savills _c2000 |
||
| 300 | _a1 folded sheet; 30cm. | ||
| 650 | _aINDUSTRIAL WAREHOUSES | ||
| 650 | _aWAREHOUSES | ||
| 650 | _aM25 | ||
| 650 | _aRENTS | ||
| 650 | _aSOUTH EAST | ||
| 690 | _aPROPERTY-COMMERCIAL PROPERTY | ||
| 942 | _n0 | ||
| 999 |
_c100976 _d100976 |
||